[Event "Spring Open Tournament 1"]
[Site "SchemingMind.com"]
[Date "2017.04.30"]
[Round "-"]
[White "clare1347"]
[Black "The Stonewall"]
[Result "1/2-1/2"]
[WhiteCountry "ENG"]
[BlackCountry "ENG"]
[WhiteElo "2258"]
[WhiteRD "84"]
[BlackElo "2293"]
[BlackRD "84"]
[GameID "413245"]

1. e4 c6 2. d4 d5 3. Nc3 dxe4 4. Nxe4 Bf5 5. Ng3 Bg6 6. h4 h6 7. Nf3 Nd7 8. Bd3 Bxd3 9. Qxd3 e6 10. Ne4 Ngf6
11. Bd2 Nxe4 12. Qxe4 Nf6 13. Qd3 Be7 14. O-O-O O-O 15. Kb1 Qc7 16. g4 Nxg4 17. Rhg1 f5 18. Qe2 Bd6 19. Ne1 Kh8 20. f3 Nf6
21. Qxe6 Qd7 22. Qe2 Rae8 23. Qf2 Rf7 24. Nd3 Ne4 25. Qg2 Nxd2+ 26. Rxd2 Qd8 27. c3 Qxh4 28. Qg6 Qf6 29. Qh5 Re6 30. f4 Rd7
31. Rdg2 Qf8 32. Rg5 Rf7 33. Ne5 Bxe5 34. dxe5 Kg8 35. Rh1 Qd8 36. Rd1 Rd7 37. Rgg1 Rg6 38. Kc1 Rg4 39. Qxf5 Rxg1 40. Rxg1 Rf7
41. Qe4 Qd5 42. Qe3 Rd7 43. b3 Qd3 44. Qxd3=
1/2-1/2

[Event "Spring Open Tournament 1"]
[Site "SchemingMind.com"]
[Date "2017.04.30"]
[Round "-"]
[White "The Stonewall"]
[Black "Transcendent"]
[Result "1-0"]
[WhiteCountry "ENG"]
[BlackCountry "ENG"]
[WhiteElo "2258"]
[WhiteRD "86"]
[BlackElo "1658"]
[BlackRD "64"]
[GameID "413246"]

1. d4 d5 2. Bg5 Bf5 3. e3 h6 4. Bh4 c6 5. c4 Qb6 6. Qd2 e6 7. Nc3 Be7 8. Bxe7 Nxe7 9. Nf3 Nd7 10. Be2 O-O
11. O-O Bh7 12. Rfc1 dxc4 13. Bxc4 Rac8 14. e4 Rfd8 15. a4 Nf6 16. Qe2 a6 17. a5 Qc7 18. Bd3 c5 19. Na4 Qf4 20. Nxc5 Nc6
21. Rc4 Nxa5 22. g3 Qb8 23. Rxa5 b6 24. Nxa6 Qb7 25. Rxc8 Rxc8 26. Re5 Rc1+ 27. Kg2 Nd7 28. Rh5 Nf6 29. Rh4 g5 30. Rxh6 Kg7
31. Qe3
1-0

[Event "Spring Open Tournament 1"]
[Site "SchemingMind.com"]
[Date "2017.04.30"]
[Round "-"]
[White "Transcendent"]
[Black "The Stonewall"]
[Result "0-1"]
[WhiteCountry "ENG"]
[BlackCountry "ENG"]
[WhiteElo "1749"]
[WhiteRD "65"]
[BlackElo "2293"]
[BlackRD "84"]
[GameID "413247"]

1. d4 e6 2. c4 b6 3. Nc3 Bb7 4. e4 Bb4 5. Bd3 f5 6. f3 Qh4+ 7. Kf1 Bxc3 8. bxc3 fxe4 9. g3 Qf6 10. Be2 Ne7
11. Kg2 O-O 12. Bf4 d6 13. fxe4 e5 14. Be3 Bxe4+ 15. Bf3 Qg6 16. dxe5 Nbc6 17. exd6 Nf5 18. Bf4 Nh4+ 19. Kf2 Rxf4 20. gxf4 Bxf3
21. Nxf3 Qg2+ 22. Ke3 Re8+ 23. Ne5 Nf5+ 24. Kd3 Re6 25. c5 Rxe5
0-1

[Event "Spring Open Tournament 1"]
[Site "SchemingMind.com"]
[Date "2017.04.30"]
[Round "-"]
[White "The Stonewall"]
[Black "kenneth m day"]
[Result "1-0"]
[WhiteCountry "ENG"]
[BlackCountry "USA"]
[WhiteElo "2293"]
[WhiteRD "84"]
[BlackElo "1671"]
[BlackRD "56"]
[GameID "413248"]

1. d4 Nf6 2. Bg5 Ne4 3. Bf4 d5 4. e3 Nc6 5. Bd3 Nf6 6. Nc3 e6 7. Nf3 Be7 8. h3 O-O 9. O-O Nb4 10. Rc1 Nxd3
11. cxd3 c5 12. dxc5 Bxc5 13. Nb5 Bb6 14. Bd6 Bd7 15. Bxf8 Bxb5 16. Bc5 Bxc5 17. Rxc5 Bc6 18. Qd2 Qd6 19. Rfc1 Nd7 20. R5c2 Rc8
21. Qa5 a6 22. Nd4 Nb8 23. Qb6 h6 24. Nxc6 bxc6 25. Rc3 g6 26. Qa7 Kg7 27. Rb3 Kf6 28. Rb7 Rf8 29. Rc3 Kg7 30. Rcb3 c5
31. Rxb8
1-0

[Event "Spring Open Tournament 1"]
[Site "SchemingMind.com"]
[Date "2017.04.30"]
[Round "-"]
[White "kenneth m day"]
[Black "The Stonewall"]
[Result "0-1"]
[WhiteCountry "USA"]
[BlackCountry "ENG"]
[WhiteElo "1671"]
[WhiteRD "56"]
[BlackElo "2293"]
[BlackRD "84"]
[GameID "413249"]

1. e4 c5 2. d4 e6 3. Nf3 cxd4 4. c3 dxc3 5. Nxc3 Nc6 6. Bc4 d6 7. O-O a6 8. Qe2 Be7 9. Be3 Bd7 10. Rfd1 Nf6
11. Rac1 O-O 12. a3 Rc8 13. Ba2 Ng4 14. Bf4 Nge5 15. Nxe5 Nxe5 16. Bg3 Rc6 17. f4 Ng6 18. Qh5 Qb6+ 19. Kh1 Qxb2 20. Bb1 Rxc3
21. Rxc3 Qxc3 22. Qe2 Rc8 23. Qd2 Qxd2
0-1

[Event "Spring Open Tournament 1"]
[Site "SchemingMind.com"]
[Date "2017.04.30"]
[Round "-"]
[White "The Stonewall"]
[Black "Chessibelle"]
[Result "1-0"]
[WhiteCountry "ENG"]
[BlackCountry "ENG"]
[WhiteElo "2309"]
[WhiteRD "83"]
[BlackElo "1123"]
[BlackRD "65"]
[GameID "413250"]

1. b4 e5 2. Bb2 d6 3. c4 Be7 4. e3 Nc6 5. a3 Nf6 6. Nc3 O-O 7. Qc2 g6 8. Rc1 a6 9. Nf3 Be6 10. Be2 d5
11. cxd5 Bxd5 12. Nxd5 Nxd5 13. Nxe5 Qe8 14. Nxc6 bxc6 15. Qxc6 Qd8 16. Bf3 Nf6 17. Qxa8 Qd6 18. Qb7 Rd8 19. d4 Qe6 20. O-O Bd6
21. d5 Qf5 22. Qxa6 Qg5 23. Rfd1 Qh4 24. g3 Qg5 25. Rxc7 Bxc7 26. Bxf6 Qh6 27. Bxd8 Bxd8 28. Qa8 Qf8 29. Rc1 Kg7 30. Rc8 Qe7
31. Rxd8 Kh6 32. d6 Qf6 33. Kg2 g5 34. Rd7 Qe6 35. Re7 Qxd6 36. Qf8+
1-0

[Event "Spring Open Tournament 1"]
[Site "SchemingMind.com"]
[Date "2017.04.30"]
[Round "-"]
[White "Chessibelle"]
[Black "The Stonewall"]
[Result "0-1"]
[WhiteCountry "ENG"]
[BlackCountry "ENG"]
[WhiteElo "1123"]
[WhiteRD "65"]
[BlackElo "2309"]
[BlackRD "83"]
[GameID "413251"]

1. d4 Nc6 2. Nf3 d5 3. e3 Bg4 4. Be2 e6 5. O-O Bd6 6. Nc3 Nf6 7. a3 a6 8. b4 O-O 9. Bd3 e5 10. Be2 e4
11. Nd2 Bxe2 12. Qxe2 Qd7 13. f3 exf3 14. Rxf3 Rae8 15. Rg3 Bxg3 16. hxg3 Nxd4 17. Qd3 Nf5 18. Nf3 Nxg3 19. Bd2 Re7 20. Qd4 Rfe8
21. Re1 c6 22. Qh4 Nf5 23. Qg5 d4 24. Nd1 Re4 25. Nf2 h6 26. Ne5 R4xe5 27. Qf4 dxe3 28. Bc3 exf2+ 29. Qxf2 Rxe1+ 30. Bxe1 Qd1
31. Kh2 Ng4+
0-1

[Event "Spring Open Tournament 1"]
[Site "SchemingMind.com"]
[Date "2017.04.30"]
[Round "-"]
[White "The Stonewall"]
[Black "Wojtek26"]
[Result "1-0"]
[WhiteCountry "ENG"]
[BlackCountry "POL"]
[WhiteElo "2309"]
[WhiteRD "83"]
[BlackElo "1567"]
[BlackRD "50"]
[GameID "413252"]

1. e4 e5 2. Nf3 Nc6 3. Nc3 Nf6 4. g3 Bc5 5. Bg2 O-O 6. O-O d6 7. d3 Nd4 8. h3 h5 9. Bg5 Nxf3+ 10. Qxf3 g6
11. Nd5 Kg7 12. Bxf6+
1-0

[Event "Spring Open Tournament 1"]
[Site "SchemingMind.com"]
[Date "2017.04.30"]
[Round "-"]
[White "Wojtek26"]
[Black "The Stonewall"]
[Result "0-1"]
[WhiteCountry "POL"]
[BlackCountry "ENG"]
[WhiteElo "1567"]
[WhiteRD "50"]
[BlackElo "2309"]
[BlackRD "83"]
[GameID "413253"]

1. d4 c5 2. e3 cxd4 3. exd4 d5 4. c4 Nf6 5. Nf3 g6 6. Bd3 Bg7 7. O-O O-O 8. Re1 Bg4 9. h3 Bxf3 10. Qxf3 Nc6
11. Be3 dxc4 12. Bxc4 Nxd4 13. Bxd4 Qxd4 14. Qb3 Ne4 15. Re2 Rac8 16. Na3 Nd2 17. Qb5 Nxc4 18. Nxc4 Qxc4 19. Qxc4 Rxc4 20. Rxe7 Rb4
21. Rb1 Rb8 22. b3 Rd4 23. Rc1 Bf6 24. Rec7 Rd2 25. a4 Bd4 26. R1c2 Rd1+ 27. Kh2 Be5+ 28. g3 Bxc7 29. Rxc7 Rd3
0-1

[Event "Spring Open Tournament 1"]
[Site "SchemingMind.com"]
[Date "2017.04.30"]
[Round "-"]
[White "The Stonewall"]
[Black "Supernova"]
[Result "1-0"]
[WhiteCountry "ENG"]
[BlackCountry "FRA"]
[WhiteElo "2293"]
[WhiteRD "84"]
[BlackElo "1604"]
[BlackRD "105"]
[GameID "413254"]

1. Nf3 d5 2. d4 e6 3. c4 c5 4. cxd5 exd5 5. g3 Nc6 6. Bg2 Nf6 7. O-O Be7 8. dxc5 Bxc5 9. Bg5 Be6 10. Nc3 d4
11. Ne4 Be7 12. Bxf6 Bxf6 13. Qa4 O-O 14. Rfd1 Bg4 15. Nxf6+ Qxf6 16. Nxd4 Nxd4 17. Qxd4 Qxd4 18. Rxd4 Bxe2 19. Re1 Ba6 20. Rd7 Rab8
21. Ree7 Bc4 22. b3 Ba6 23. Bd5 h6 24. Bxf7+ Kh8 25. Bd5 Rbd8 26. Rxg7 Rxd7 27. Rxd7 Re8 28. Bxb7 Bxb7 29. Rxb7 Re1+ 30. Kg2 Re2
31. Rxa7
1-0

[Event "Spring Open Tournament 1"]
[Site "SchemingMind.com"]
[Date "2017.04.30"]
[Round "-"]
[White "Supernova"]
[Black "The Stonewall"]
[Result "0-1"]
[WhiteCountry "FRA"]
[BlackCountry "ENG"]
[WhiteElo "1607"]
[WhiteRD "101"]
[BlackElo "2309"]
[BlackRD "83"]
[GameID "413255"]

1. d4 Nf6 2. c4 Nc6 3. Nc3 e5 4. d5 Ne7 5. e4 Ng6 6. Be2 Bb4 7. Qc2 Bxc3+ 8. bxc3 d6 9. c5 O-O 10. cxd6 cxd6
11. Nf3 Qc7 12. c4 Nd7 13. Bb2 Nc5 14. O-O f5 15. Bd3 Nf4 16. Rad1 Nfxd3 17. Rxd3 fxe4 18. Rc3 exf3 19. Rxf3 Rxf3 20. gxf3 Qf7
21. Qe2 Bh3 22. Qc2 Qxf3
0-1